Statistiche per Classifica Marcatori Palermo All-Time

Clicka qui per fare il quiz!

Statistiche generali

  • Questo quiz è stato fatto 13 volte
  • Il punteggio medio è 4 su 10

Statistiche sulle risposte

GolNazioneCalciatore% Corretto
81ItaliaFabrizio Miccoli
92%
37UruguayEdinson Cavani
83%
51ItaliaLuca Toni
75%
39Macedonia del NordIlija Nestorovski
58%
61ItaliaMatteo Luigi Brunori
25%
43ItaliaDante Di Maso
8%
48ItaliaGaetano Troja
8%
53ArgentinaGhito
8%
37ItaliaMassimo De Stefanis
8%
42ItaliaSilvino Bercellino
8%

Distribuzione punteggi

Percentile per numero di risposta

Percentuale di utenti per punteggio

I tuoi punteggi nel tempo

Non hai fatto questo quiz